Histoire de ... Lionel Messi - Statistiques

Statistiques générales
  • Ce quiz a été pris 124 fois
  • Le résultat moyen est 10 sur 14
Statistiques - réponses
Questions Réponses % Correct
Il a eu ... Ballons d'or 8
96%
Sa Nationalité ... Argentin
96%
Son meilleur Pied ... Gauche
95%
Il a commencé à ... FC Barcelone
91%
Puis ... Paris Saint Germain
91%
Il a gagné la CDM en 2022
88%
Puis ... Inter Miami
88%
Cartons rouges = 1
86%
Il évolua au poste de ATT / AD
83%
Son Rival ... Cristiano Ronaldo
83%
Il est né le ... 24 Juin 1987
47%
Sa valeur la plus haute était de ... 180 Mio € (1 Janvier 2018)
25%
Cartons jaunes = 67
13%
Il a marqué ... buts 600 +
12%
Aucun quiz correspondant
Distribution des résultats
% des personnes avec chaque résultat
Percentile par nombre de réponses
Votre historique - résultats
Vous n’avez pas pris ce quiz